|
|
|
|
| LEADER |
00762nab a2200181 i 4500 |
| 001 |
misc44050 |
| 005 |
20191106141135.0 |
| 008 |
180917s1994 hu o 0|| zxx d |
| 022 |
|
|
|a 1215-5233
|
| 040 |
|
|
|a SZTE Miscellanea Repozitórium
|b hun
|
| 041 |
|
|
|a zxx
|
| 100 |
1 |
|
|a Csapó Benő
|
| 245 |
1 |
0 |
|a Merre tartanak a természettudományok oktatásával kapcsolatos kutatások?
|h [elektronikus dokumentum] :
|b miért nehéz a kérdést megválaszolni? /
|c Csapó Benő
|
| 260 |
|
|
|c 1994
|
| 300 |
|
|
|a 2-11
|
| 490 |
0 |
|
|a Iskolakultúra
|v 4 No. 4
|
| 695 |
|
|
|a Környezeti nevelés, Környezetvédelmi nevelés, Természettudományok tanítása, Természetismeret tanítása
|
| 856 |
4 |
0 |
|u http://misc.bibl.u-szeged.hu/44050/1/iskolakultura_1994_004_002-011.pdf
|z Dokumentum-elérés
|